Vzpomínka na Šumavu písničky z rohlasových pořadů U muziky s Plzeňáky /

Další autoři: Pospíšil, Josef, 1951-
Jazyk: Čeština
Vydáno: Praha : Supraphon, 1987
Edice: Sborník Supraphonu
Fyzický popis: 46 s.
Hudebniny Hudebniny
Uloženo v:
LEADER 01143ncm a22002532a 4500
001 001085531
003 CZ BrMZK
005 20110127121703.0
007 qu
008 100204s1987 xr |||||||||||||||||cze d
040 |a BOA001  |b cze 
072 7 |a 784  |x Vokální hudba  |2 Konspekt  |9 9 
245 0 0 |a Vzpomínka na Šumavu  |h [hudebnina] :  |b písničky z rohlasových pořadů U muziky s Plzeňáky /  |c upravil Josef Pospíšil 
260 |a Praha :  |b Supraphon,  |c 1987 
300 |a 46 s. 
490 1 |a Sborník Supraphonu ;  |v 138 
500 |a Jednohlasý a dvojhlasý značkovaný zpěv 
505 0 0 |t Vzpomínka na Šumavu --  |t Tymákovskej hajnej --  |t Vine se cesta xnad Úslavou --  |t Župajda, já tě mám ráda --  |t Jaká je to těžká věc --  |t Pětatřicátníci --  |t Rozloučení --  |t Kdybych já byl zahradníkem --  |t Převozníček --  |t U Brloha malá zahrádka --  |t V cikánském rozmaru 
700 1 |a Pospíšil, Josef,  |d 1951-  |7 jx20040607018  |4 arr 
830 0 |a Sborník Supraphonu 
910 |a BOA001  |b Mus1-0930.654 
990 |a MU 
991 |b 201005 
996 6 |b 2619282634  |c Mus1-0930.654  |l MZK  |r Sklad / do 1 hodiny  |n 3  |w 001108599  |u 000010  |a 1  |e BOA001  |j MZK50  |s P